Pokémon Black 2/White 2 Pokédex - Statistics

General Stats
  • This quiz has been taken 27 times
  • The average score is 182 of 301
Answer Stats
Picture Answer % Correct
Golduck
88%
Lucario
88%
Psyduck
88%
Tepig
88%
Absol
75%
Ampharos
75%
Arcanine
75%
Audino
75%
Bouffalant
75%
Clefairy
75%
Dewgong
75%
Ditto
75%
Eevee
75%
Electabuzz
75%
Espeon
75%
Flareon
75%
Glaceon
75%
Golbat
75%
Grimer
75%
Growlithe
75%
Jigglypuff
75%
Jolteon
75%
Keldeo
75%
Koffing
75%
Lapras
75%
Leafeon
75%
Lickitung
75%
Litwick
75%
Magmar
75%
Mareep
75%
Meloetta
75%
Muk
75%
Ninetales
75%
Onix
75%
Oshawott
75%
Pansage
75%
Pansear
75%
Raticate
75%
Rattata
75%
Sandshrew
75%
Sandslash
75%
Seel
75%
Simisage
75%
Snivy
75%
Spoink
75%
Starmie
75%
Steelix
75%
Toxicroak
75%
Umbreon
75%
Vaporeon
75%
Victini
75%
Vulpix
75%
Wailord
75%
Weezing
75%
Yamask
75%
Zubat
75%
Altaria
63%
Amoonguss
63%
Archeops
63%
Aron
63%
Axew
63%
Azumarill
63%
Azurill
63%
Baltoy
63%
Banette
63%
Basculin
63%
Beldum
63%
Braviary
63%
Bronzong
63%
Bronzor
63%
Budew
63%
Buizel
63%
Buneary
63%
Carnivine
63%
Castform
63%
Chandelure
63%
Claydol
63%
Clefable
63%
Cleffa
63%
Cobalion
63%
Combee
63%
Corsola
63%
Cottonee
63%
Crobat
63%
Cryogonal
63%
Darumaka
63%
Delcatty
63%
Delibird
63%
Dewott
63%
Drapion
63%
Drifblim
63%
Drifloon
63%
Dunsparce
63%
Duosion
63%
Elekid
63%
Emboar
63%
Emolga
63%
Flygon
63%
Frillish
63%
Genesect
63%
Gliscor
63%
Golett
63%
Gothita
63%
Gothitelle
63%
Haxorus
63%
Heracross
63%
Herdier
63%
Karrablast
63%
Klang
63%
Klink
63%
Klinklang
63%
Kyurem
63%
Larvesta
63%
Liepard
63%
Lillipup
63%
Lopunny
63%
Magby
63%
Magmortar
63%
Magnemite
63%
Magneton
63%
Magnezone
63%
Mamoswine
63%
Mandibuzz
63%
Mantine
63%
Mantyke
63%
Marill
63%
Metagross
63%
Munna
63%
Musharna
63%
Nosepass
63%
Numel
63%
Octillery
63%
Panpour
63%
Patrat
63%
Pelipper
63%
Petilil
63%
Pidove
63%
Pinsir
63%
Probopass
63%
Purrloin
63%
Remoraid
63%
Reshiram
63%
Riolu
63%
Roselia
63%
Roserade
63%
Samurott
63%
Sandile
63%
Sawk
63%
Scolipede
63%
Scraggy
63%
Serperior
63%
Servine
63%
Seviper
63%
Shelmet
63%
Sigilyph
63%
Simipour
63%
Simisear
63%
Skitty
63%
Skorupi
63%
Slaking
63%
Sneasel
63%
Solosis
63%
Solrock
63%
Spheal
63%
Staryu
63%
Stoutland
63%
Stunfisk
63%
Sunflora
63%
Sunkern
63%
Swablu
63%
Swanna
63%
Swinub
63%
Swoobat
63%
Tangela
63%
Terrakion
63%
Throh
63%
Thundurus
63%
Timburr
63%
Tornadus
63%
Tropius
63%
Trubbish
63%
Tyranitar
63%
Vanilluxe
63%
Vespiquen
63%
Vibrava
63%
Virizion
63%
Volcarona
63%
Wailmer
63%
Watchog
63%
Weavile
63%
Wigglytuff
63%
Wingull
63%
Woobat
63%
Yanma
63%
Yanmega
63%
Zangoose
63%
Zekrom
63%
Zoroark
63%
Zorua
63%
Accelgor
50%
Aggron
50%
Archen
50%
Beartic
50%
Beheeyem
50%
Bisharp
50%
Blitzle
50%
Boldore
50%
Camerupt
50%
Carracosta
50%
Cinccino
50%
Cofagrigus
50%
Conkeldurr
50%
Crawdaunt
50%
Croagunk
50%
Crustle
50%
Cubchoo
50%
Darmanitan
50%
Deerling
50%
Deino
50%
Drilbur
50%
Druddigon
50%
Ducklett
50%
Durant
50%
Dwebble
50%
Eelektrik
50%
Eelektross
50%
Electivire
50%
Elgyem
50%
Escavalier
50%
Excadrill
50%
Ferroseed
50%
Ferrothorn
50%
Flaaffy
50%
Floatzel
50%
Foongus
50%
Fraxure
50%
Galvantula
50%
Garbodor
50%
Gigalith
50%
Golurk
50%
Gothorita
50%
Grumpig
50%
Gurdurr
50%
Heatmor
50%
Hydreigon
50%
Igglybuff
50%
Jellicent
50%
Joltik
50%
Krokorok
50%
Krookodile
50%
Lairon
50%
Landorus
50%
Larvitar
50%
Leavanny
50%
Lickilicky
50%
Lilligant
50%
Lunatone
50%
Maractus
50%
Metang
50%
Mienfoo
50%
Mienshao
50%
Minccino
50%
Palpitoad
50%
Pawniard
50%
Pignite
50%
Piloswine
50%
Pupitar
50%
Reuniclus
50%
Roggenrola
50%
Rufflet
50%
Sawsbuck
50%
Scrafty
50%
Sealeo
50%
Seismitoad
50%
Sewaddle
50%
Shuckle
50%
Shuppet
50%
Skarmory
50%
Slakoth
50%
Swadloon
50%
Tangrowth
50%
Tirtouga
50%
Tranquill
50%
Trapinch
50%
Tympole
50%
Tynamo
50%
Unfezant
50%
Vanillish
50%
Vanillite
50%
Venipede
50%
Vigoroth
50%
Walrein
50%
Whimsicott
50%
Whirlipede
50%
Zebstrika
50%
Zweilous
50%
Alomomola
38%
Corphish
38%
Gligar
38%
Lampent
38%
Vullaby
38%
No matching quizzes found
Score Distribution
Percent of People with Each Score
Percentile by Number Answered
Your Score History
You have not taken this quiz